00577nam a22001697a 450000500170000001000150001702000270003203500130005903700130007208200110008524501060009626000340020227000600023630000350029650000500033170000260038120141127110602.0 aENG-111315 a9789383098569c1995.00 aEN-94847 bDBAD/PUB a954.82 aKodaikanal : cedited by Pradeep Chakravarthy...[et al]bvanishing heritage of an island in the sky / aNew DelhibNiyogi Booksc2015 aD-78, Okhla Industrial Area, Phase-IbNew Delhie110020 a240p. :c24cm(Hb)bcol. photos aIncludes bibliographical references and index aChakravarthy, Pradeep